01242cam a22003011 4500001001300000003000400013005001700017008004100034010001700075035001900092040004100111042001200152050002400164082001500188110003600203245009000239260004300329300003100372490002200403500011600425500019900541650003900740650003600779650002700815700003600842700003600878700002600914l 24000007 DLC20260227111529.0810320s1923 dcua f000 0 eng c al 24000007  a(OCoLC)7243410 aU.S. Dept. of Labor. Libr.cScUdDLC apremarc00aHD6093b.A35 no. 32 a331.4061731 aUnited States.bWomen's Bureau.10aWomen in South Carolina industries;ba study of hours, wages, and working conditions. aWashington,bGovt. Print. Off.,c1923. av, 128 p.btables.c23 cm.0 aBulletin,vno. 32 aAt head of title : U.S. Department of Labor. James J. Davis secretary. Women's Bureau. Mary Anderson, director. a"The survey was directed by Ethel L. Best. The statistical material was prepared under the direction of Elizabeth A. Hyde, and the report was written by Mary V. Robinson."-Letter of transmittal. 0aWomenxEmploymentzSouth Carolina. 0aHours of laborzSouth Carolina. 0aWageszSouth Carolina.1 aBest, Ethel L.q(Ethel Lombard)1 aHyde, Elizabeth Adshead,d1876-1 aRobinson, Mary Viola.